| 000 | 00349nam a22001457a 4500 | ||
|---|---|---|---|
| 003 | OSt | ||
| 005 | 20250630181634.0 | ||
| 008 | 250630b |||||||| |||| 00| 0 eng d | ||
| 040 | _cDLC | ||
| 110 | _aRepublic of Ghana | ||
| 245 | _aBanking ACT, 2004 (ACT 673) | ||
| 260 |
_aAccra ; _bAssembly Press; _cc2002 |
||
| 300 | _a35 pages | ||
| 942 |
_2lcc _cBK _n0 |
||
| 999 |
_c6792 _d6792 |
||